000 00817aas a2200265 i 4500
001 176476
003 CO-MdUADB
005 20250909081753.0
007 ta
008 980504d19802007ve u p r spa d
022 0 _a0254-1629
035 _a176476
040 _aCO-MdUADB
_bspa
_cCO-MdUADB
_erda
041 0 _aspa
245 0 0 _aAnthropos (Los Teques)
264 1 _aLos Teques, Venezuela :
_bInstituto Superior Salesiano de Filosofía y Educación,
_c1980-2007
300 _aVolúmenes y números
336 _2rdacontent
_atexto
_btxt
337 _2rdamedia
_ano mediado
_bn
338 _2rdacarrier
_avolumen
_bnc
650 7 _aFilosofía
_vPublicaciones seriadas
_2lemb
_9154802
710 2 _aInstituto Superior Salesiano de Filosofía y Educación
_9871680
_eisb
942 _cREVISTA
_2FAC
999 _c86643
_d86643